000 00438nam a2200181Ia 4500
001 22546
005 20260414150838.0
008 260414t2004||||xx |||||||||||||| ||spa||
041 _aESP
082 _a621.382
_bH89M
100 _aHuidobro Moya, José Manuel
_eAUT
245 0 _aManual de telecomunicaciones
_b
260 _c2004
300 _a340 páginas :
_c23 cm.
650 _aTCA
654 _aCET
942 _cLIB
_dJUS
_fJUS
_2ddc
_n
999 _c22546
_d22546